[Event "32. Copenhagen Open (Politiken Cup)"]
[Site "Elsinore"]
[Date "2010.08.08"]
[Round "10"]
[White "Postny, Evgeny"]
[Black "Antonsen, Mikkel"]
[Result "1/2-1/2"]
[WhiteElo "2577"]
[BlackElo "2463"]
[PlyCount "106"]
[EventDate "2010.07.31"]
[EventType "swiss"]
[EventRounds "10"]
[EventCountry "DEN"]
[Source "ChessBase"]
[SourceDate "2010.09.01"]

1. d4 Nf6 2. c4 g6 3. f3 Bg7 4. e4 d6 5. Nc3 O-O 6. Bg5 c5 7. d5 e6 8. Qd2 exd5
9. cxd5 Na6 10. Nge2 h6 11. Be3 Nc7 12. a4 Rb8 13. Nc1 Kh7 14. Be2 a6 15. Rb1
b5 16. axb5 Nxb5 17. Nxb5 axb5 18. b4 Nxe4 19. fxe4 Qh4+ 20. Kf1 Qxe4 21. Rb3
c4 22. Bf3 Qh4 23. Ra3 Re8 24. g3 Qf6 25. Kf2 c3 26. Qd1 Bh3 27. Ne2 g5 28.
Qd3+ Kg8 29. Qxc3 Re5 30. Re1 Rbe8 31. Ng1 g4 32. Qd2 Qf5 33. Qd3 gxf3 34. Qxf5
Bxf5 35. Rd1 Re4 36. Nxf3 Rxb4 37. Bd4 Bg4 38. Bxg7 Kxg7 39. Rd2 Ree4 40. Ra6
Rb3 41. Nd4 Rb4 42. Ne2 Bxe2 43. Rxe2 Rxe2+ 44. Kxe2 Rb2+ 45. Kf3 Rxh2 46. Rxd6
Rd2 47. Ke4 Rg2 48. Rb6 Rxg3 49. Rxb5 Kf6 50. Rb6+ Ke7 51. Rb7+ Kd6 52. Rb6+
Ke7 53. Rb7+ Kd6 1/2-1/2

[Event "32. Copenhagen Open (Politiken Cup)"]
[Site "Elsinore"]
[Date "2010.08.08"]
[Round "10"]
[White "Preuss, Flemming"]
[Black "Jacobsen, Bo"]
[Result "0-1"]
[WhiteElo "2039"]
[BlackElo "2335"]
[PlyCount "64"]
[EventDate "2010.07.31"]
[EventType "swiss"]
[EventRounds "10"]
[EventCountry "DEN"]
[Source "ChessBase"]
[SourceDate "2010.09.01"]

1. e4 e5 2. Nf3 d6 3. d4 exd4 4. Nxd4 Nf6 5. Nc3 Be7 6. Be2 O-O 7. O-O Re8 8.
Re1 Nc6 9. Nxc6 bxc6 10. Bf3 Nd7 11. Bf4 Bf6 12. Bg3 Rb8 13. Rb1 g6 14. Na4 c5
15. b3 h5 16. h3 Bb7 17. c4 Bd4 18. Qd2 Qf6 19. Re2 h4 20. Bf4 Ne5 21. Bxe5
Rxe5 22. Nb2 Rbe8 23. Nd3 Bxe4 24. Nxe5 Bxb1 25. Ng4 Qd8 26. Rxe8+ Qxe8 27. Bd5
Bg7 28. Qg5 Kf8 29. Qxh4 Qe7 30. Qg3 Bxa2 31. f4 Bb1 32. Kh2 Bc2 0-1

[Event "32. Copenhagen Open (Politiken Cup)"]
[Site "Elsinore"]
[Date "2010.08.08"]
[Round "10"]
[White "Ramme, Christoph"]
[Black "Wimo, Jorgen"]
[Result "0-1"]
[WhiteElo "2062"]
[BlackElo "1807"]
[PlyCount "120"]
[EventDate "2010.07.31"]
[EventType "swiss"]
[EventRounds "10"]
[EventCountry "DEN"]
[Source "ChessBase"]
[SourceDate "2010.09.01"]

1. c4 Nf6 2. Nc3 e5 3. g3 Bc5 4. Bg2 Nc6 5. e3 a6 6. Nge2 d6 7. d4 exd4 8. exd4
Bb4 9. O-O O-O 10. a3 Bxc3 11. Nxc3 Rb8 12. Bg5 h6 13. Be3 Ne7 14. b4 d5 15. c5
Be6 16. Rb1 Qd7 17. Qa4 c6 18. Bf4 Rbd8 19. Rfe1 Rfe8 20. Qd1 Bh3 21. Bf3 Bg4
22. Be5 Bxf3 23. Qxf3 Qg4 24. Qxg4 Nxg4 25. h3 Nxe5 26. dxe5 Nf5 27. Kg2 Nd4
28. Rbc1 Nb5 29. Nb1 Re7 30. f4 Rde8 31. Kf2 f6 32. exf6 Rxe1 33. Rxe1 Rxe1 34.
Kxe1 gxf6 35. Kd2 Kf7 36. Ke3 f5 37. a4 Nc7 38. Nd2 Ne6 39. Nb3 h5 40. Kf3 Kg6
41. g4 fxg4+ 42. hxg4 hxg4+ 43. Kxg4 Kf6 44. f5 Nd8 45. Kf4 Nf7 46. Na5 Ne5 47.
Ke3 Nc4+ 48. Nxc4 dxc4 49. Kd4 Kxf5 50. Kxc4 Ke4 51. b5 a5 52. Kc3 Kd5 53. bxc6
bxc6 54. Kd3 Kxc5 55. Kc3 Kd5 56. Kd3 c5 57. Kc3 c4 58. Kc2 Kd4 59. Kd2 c3+ 60.
Kc2 Kc4 0-1

[Event "32. Copenhagen Open (Politiken Cup)"]
[Site "Elsinore"]
[Date "2010.08.08"]
[Round "10"]
[White "Rasmussen, Morten Fredsgaard"]
[Black "Mollmann, Erik"]
[Result "1-0"]
[WhiteElo "1956"]
[BlackElo "1698"]
[PlyCount "87"]
[EventDate "2010.07.31"]
[EventType "swiss"]
[EventRounds "10"]
[EventCountry "DEN"]
[Source "ChessBase"]
[SourceDate "2010.09.01"]

1. d4 d5 2. Nf3 Nc6 3. c3 Bg4 4. Ne5 Nxe5 5. dxe5 e6 6. Qa4+ c6 7. Qxg4 Qb6 8.
Nd2 Nh6 9. Qf3 O-O-O 10. Nb3 Nf5 11. g4 Nh6 12. Bxh6 gxh6 13. Qxf7 Bc5 14. Nxc5
Qxc5 15. Qf4 Rhf8 16. Qd4 Qa5 17. e3 c5 18. Qd3 a6 19. Bg2 d4 20. exd4 cxd4 21.
O-O Rf7 22. cxd4 Kb8 23. Qb3 Re7 24. Rad1 Rg8 25. h3 h5 26. Rd3 hxg4 27. hxg4
Rxg4 28. Rg3 Rxd4 29. Rd1 Qxe5 30. Rxd4 Qxd4 31. Rg8+ Ka7 32. Qe3 e5 33. Rd8
Qxe3 34. fxe3 Rg7 35. Kf2 h5 36. Re8 Rc7 37. Be4 h4 38. Rxe5 Rc4 39. Re7 Rb4
40. b3 a5 41. Kf3 a4 42. Rxb7+ Rxb7 43. Bxb7 Kxb7 44. bxa4 1-0

[Event "32. Copenhagen Open (Politiken Cup)"]
[Site "Elsinore"]
[Date "2010.08.08"]
[Round "10"]
[White "Rodshtein, Maxim"]
[Black "Macieja, Bartlomiej"]
[Result "1/2-1/2"]
[WhiteElo "2609"]
[BlackElo "2639"]
[PlyCount "53"]
[EventDate "2010.07.31"]
[EventType "swiss"]
[EventRounds "10"]
[EventCountry "DEN"]
[Source "ChessBase"]
[SourceDate "2010.09.01"]

1. d4 Nf6 2. c4 e6 3. Nf3 d5 4. g3 dxc4 5. Bg2 Nc6 6. Qa4 Bb4+ 7. Bd2 Nd5 8.
Bxb4 Ndxb4 9. O-O Rb8 10. Na3 O-O 11. Qb5 b6 12. Qxc4 Ba6 13. Nb5 Qd5 14. Qxd5
Nxd5 15. a4 Na5 16. Ne5 Rbd8 17. Bxd5 Bxb5 18. axb5 Rxd5 19. b4 Nb3 20. Nc6
Nxa1 21. Rxa1 Ra8 22. Ne7+ Kf8 23. Nxd5 exd5 24. Rc1 Rc8 25. Ra1 Ra8 26. Rc1
Rc8 27. Ra1 1/2-1/2

[Event "32. Copenhagen Open (Politiken Cup)"]
[Site "Elsinore"]
[Date "2010.08.08"]
[Round "10"]
[White "Rostgaard, Tobias Valentin"]
[Black "Stojanovski, Sandi"]
[Result "1/2-1/2"]
[WhiteElo "2103"]
[BlackElo "2208"]
[PlyCount "130"]
[EventDate "2010.07.31"]
[EventType "swiss"]
[EventRounds "10"]
[EventCountry "DEN"]
[Source "ChessBase"]
[SourceDate "2010.09.01"]

1. d4 Nf6 2. c4 e6 3. g3 Bb4+ 4. Bd2 Qe7 5. Bg2 Nc6 6. Nf3 O-O 7. O-O Bxd2 8.
Nbxd2 d6 9. e4 e5 10. d5 Nb8 11. Qc2 a5 12. b3 g6 13. a3 c5 14. Ne1 Nh5 15. Nd3
f5 16. f3 Nf6 17. b4 axb4 18. axb4 Rxa1 19. Rxa1 cxb4 20. c5 fxe4 21. fxe4 dxc5
22. Qxc5 Qxc5+ 23. Nxc5 Na6 24. Nd3 Nd7 25. Rc1 b6 26. Rb1 b5 27. Nxb4 Nxb4 28.
Rxb4 Ba6 29. Nf3 Rc8 30. Bh3 Rc1+ 31. Kf2 Nc5 32. Nxe5 Kg7 33. Ke3 Re1+ 34. Kf3
Kf6 35. Nd7+ Nxd7 36. Bxd7 Ke5 37. Bxb5 Bxb5 38. Rxb5 Rf1+ 39. Kg2 Rf6 40. Rb4
g5 41. Rc4 Rf7 42. Ra4 g4 43. Ra8 Kxe4 44. Ra4+ Kxd5 45. Rxg4 Ke5 46. Kh3 Rf5
47. Kh4 Ke6 48. Rg7 Rf7 49. Rxf7 Kxf7 50. Kh5 Kg7 51. Kg5 Kf7 52. Kh6 Kg8 53.
Kg5 Kf7 54. Kf5 Ke7 55. g4 Kf7 56. g5 Kg7 57. h4 Kf7 58. h5 Kg7 59. Ke6 Kf8 60.
Kf6 Kg8 61. Ke5 Kg7 62. Kf4 Kf8 63. Ke5 Kg7 64. Ke6 Kf8 65. Kf6 Kg8 1/2-1/2

[Event "32. Copenhagen Open (Politiken Cup)"]
[Site "Elsinore"]
[Date "2010.08.08"]
[Round "10"]
[White "Rundgren, Anders"]
[Black "Amarapala, Sherington"]
[Result "1/2-1/2"]
[WhiteElo "1915"]
[BlackElo "1694"]
[PlyCount "53"]
[EventDate "2010.07.31"]
[EventType "swiss"]
[EventRounds "10"]
[EventCountry "DEN"]
[Source "ChessBase"]
[SourceDate "2010.09.01"]

1. e4 e5 2. Nf3 Nc6 3. Bb5 a6 4. Ba4 b5 5. Bb3 Nf6 6. d3 Be7 7. c3 d6 8. Nbd2
O-O 9. O-O Re8 10. Re1 Bg4 11. Nf1 Bf8 12. h3 Be6 13. Bc2 h6 14. d4 exd4 15.
cxd4 Bc8 16. Ng3 g6 17. b3 Bb7 18. a3 Ne7 19. Bb2 Bg7 20. b4 Nc8 21. Qd3 Nb6
22. Nd2 Rc8 23. f4 c5 24. bxc5 dxc5 25. d5 Qc7 26. Qf3 Nxe4 27. Ndxe4 1/2-1/2

[Event "32. Copenhagen Open (Politiken Cup)"]
[Site "Elsinore"]
[Date "2010.08.08"]
[Round "10"]
[White "Satre, Roger"]
[Black "Brondum, Eric"]
[Result "0-1"]
[WhiteElo "1801"]
[BlackElo "2145"]
[PlyCount "62"]
[EventDate "2010.07.31"]
[EventType "swiss"]
[EventRounds "10"]
[EventCountry "DEN"]
[Source "ChessBase"]
[SourceDate "2010.09.01"]

1. e4 b6 2. f4 Bb7 3. Nc3 e6 4. Nf3 Bb4 5. d3 d5 6. Bd2 Nf6 7. e5 Nfd7 8. a3
Be7 9. d4 c5 10. g3 Nc6 11. Ne2 O-O 12. Bh3 Ba6 13. Be3 Rc8 14. c3 Na5 15. Nd2
Nc4 16. Nxc4 Bxc4 17. O-O cxd4 18. cxd4 Rc6 19. Rc1 Qa8 20. Rf2 Rfc8 21. Bf1 g6
22. Bd2 Qb7 23. Nc3 b5 24. Nb1 Qb6 25. Be3 a5 26. b3 Bxf1 27. Rxc6 Qxc6 28.
Rxf1 a4 29. Qc1 axb3 30. Qb2 Qc2 31. Qc1 Nb6 0-1

[Event "32. Copenhagen Open (Politiken Cup)"]
[Site "Elsinore"]
[Date "2010.08.08"]
[Round "10"]
[White "Schmied, Andreas"]
[Black "Czarnota, Dorota"]
[Result "1/2-1/2"]
[WhiteElo "2069"]
[BlackElo "2214"]
[PlyCount "53"]
[EventDate "2010.07.31"]
[EventType "swiss"]
[EventRounds "10"]
[EventCountry "DEN"]
[Source "ChessBase"]
[SourceDate "2010.09.01"]

1. d4 d5 2. c4 c6 3. Nf3 Nf6 4. e3 Bf5 5. Nc3 e6 6. Nh4 Be4 7. f3 Bg6 8. Nxg6
hxg6 9. g3 Bd6 10. Kf2 Qc7 11. Be2 Rxh2+ 12. Rxh2 Bxg3+ 13. Kg2 Bxh2 14. f4
Bxf4 15. exf4 Nbd7 16. cxd5 exd5 17. Be3 O-O-O 18. Nb5 Qb6 19. Nd6+ Kb8 20.
Nxf7 Re8 21. Ne5 Nxe5 22. fxe5 Qxb2 23. Rb1 Qxa2 24. Ra1 Qb2 25. Rb1 Qa2 26.
Ra1 Qb2 27. Rb1 1/2-1/2

[Event "32. Copenhagen Open (Politiken Cup)"]
[Site "Elsinore"]
[Date "2010.08.08"]
[Round "10"]
[White "Schmitt, Carsten"]
[Black "Pedersen, Jan Kaas"]
[Result "1-0"]
[WhiteElo "1933"]
[BlackElo "2061"]
[PlyCount "35"]
[EventDate "2010.07.31"]
[EventType "swiss"]
[EventRounds "10"]
[EventCountry "DEN"]
[Source "ChessBase"]
[SourceDate "2010.09.01"]

1. e4 g6 2. d4 Bg7 3. Nc3 c6 4. Nf3 d5 5. Bf4 dxe4 6. Nxe4 Bg4 7. h3 Bxf3 8.
Qxf3 Qxd4 9. c3 Qd5 10. Qe3 e5 11. Bg5 f6 12. Rd1 Qe6 13. Nd6+ Kf8 14. Bc4 Qe7
15. Nc8 Qc7 16. Qc5+ Ne7 17. Nxe7 Qxe7 18. Rd8# 1-0

[Event "32. Copenhagen Open (Politiken Cup)"]
[Site "Elsinore"]
[Date "2010.08.08"]
[Round "10"]
[White "Schultz Pedersen, Jesper"]
[Black "Skjoldager, Mikael"]
[Result "1-0"]
[WhiteElo "2206"]
[BlackElo "1978"]
[PlyCount "29"]
[EventDate "2010.07.31"]
[EventType "swiss"]
[EventRounds "10"]
[EventCountry "DEN"]
[Source "ChessBase"]
[SourceDate "2010.09.01"]

1. e4 c5 2. Nc3 a6 3. a4 Nc6 4. g3 b6 5. Bg2 Bb7 6. Nge2 e6 7. O-O Nge7 8. d3
d5 9. exd5 Nxd5 10. Nxd5 exd5 11. Nf4 Ne7 12. Re1 Qd7 13. Qh5 O-O-O 14. Qxf7
Nf5 15. Qxd7+ 1-0

[Event "32. Copenhagen Open (Politiken Cup)"]
[Site "Elsinore"]
[Date "2010.08.08"]
[Round "10"]
[White "Skovgaard, Tom"]
[Black "Pedersen, Carl Aage"]
[Result "1-0"]
[WhiteElo "2014"]
[BlackElo "1776"]
[PlyCount "91"]
[EventDate "2010.07.31"]
[EventType "swiss"]
[EventRounds "10"]
[EventCountry "DEN"]
[Source "ChessBase"]
[SourceDate "2010.09.01"]

1. e4 c5 2. Nf3 d6 3. d4 cxd4 4. Nxd4 Nf6 5. Nc3 g6 6. Bc4 Bg7 7. h3 O-O 8. Bb3
a6 9. Be3 Nc6 10. O-O Bd7 11. f4 Nxd4 12. Bxd4 Bc6 13. Qd3 b5 14. Rad1 Nd7 15.
Bxg7 Kxg7 16. Qd4+ Kg8 17. f5 Qb6 18. Qxb6 Nxb6 19. f6 e6 20. Rxd6 Rfc8 21.
Rfd1 h6 22. Nd5 Nxd5 23. exd5 Bxd5 24. Bxd5 exd5 25. c3 g5 26. R1xd5 Kh7 27.
Kf2 Kg6 28. g4 Re8 29. Rb6 Re4 30. Rd7 Rf4+ 31. Ke3 Rxf6 32. Rxf6+ Kxf6 33.
Rd6+ Kg7 34. Kd3 f6 35. b3 Kf7 36. c4 bxc4+ 37. bxc4 Ke7 38. c5 h5 39. Kc4 hxg4
40. hxg4 Rh8 41. Kd5 Rh2 42. Re6+ Kf7 43. Rxa6 Rd2+ 44. Kc6 Rd4 45. Kb7 Rxg4
46. c6 1-0

[Event "32. Copenhagen Open (Politiken Cup)"]
[Site "Elsinore"]
[Date "2010.08.08"]
[Round "10"]
[White "Sorensen, Torben N"]
[Black "Andersen, Morten"]
[Result "1-0"]
[WhiteElo "2419"]
[BlackElo "2179"]
[PlyCount "153"]
[EventDate "2010.07.31"]
[EventType "swiss"]
[EventRounds "10"]
[EventCountry "DEN"]
[Source "ChessBase"]
[SourceDate "2010.09.01"]

1. Nf3 Nf6 2. c4 g6 3. g3 Bg7 4. Bg2 d5 5. cxd5 Nxd5 6. Nc3 Nb6 7. O-O e5 8. d3
h6 9. Be3 O-O 10. Rc1 Nc6 11. Re1 Nd4 12. Bxd4 exd4 13. Ne4 Be6 14. a3 Bd5 15.
Qc2 f5 16. Ned2 c6 17. Nb3 Bf7 18. Na5 Rb8 19. Nd2 f4 20. Ne4 Bd5 21. Qc5 fxg3
22. hxg3 Rf5 23. Nd6 Bf8 24. Naxb7 Bxg2 25. Qxf5 gxf5 26. Nxd8 Rxd8 27. Nb7 Rb8
28. Kxg2 Rxb7 29. Rxc6 Na4 30. b4 Nc3 31. Rc4 a5 32. bxa5 Ra7 33. Rxd4 Rxa5 34.
Kf3 Rxa3 35. Rc1 Bg7 36. Rc4 Ne4 37. Rc8+ Kh7 38. R8c7 Ng5+ 39. Kg2 Ne6 40. Re7
Ra6 41. e3 Kg6 42. d4 Bf6 43. Rb7 Rd6 44. Rcb1 h5 45. R1b6 Rxb6 46. Rxb6 Kf7
47. Rb4 Be7 48. Ra4 Nc7 49. Kf3 h4 50. Ra5 hxg3 51. Rxf5+ Kg6 52. Ra5 gxf2 53.
Kxf2 Kf7 54. e4 Ke6 55. Ke3 Kd7 56. Kd3 Bh4 57. Rh5 Be7 58. Kc4 Ne8 59. Rh6
Nd6+ 60. Kd5 Nb5 61. e5 Nc7+ 62. Ke4 Ne6 63. d5 Nc5+ 64. Kf5 Nb7 65. Ra6 Bc5
66. Ra4 Nd8 67. Rh4 Be7 68. Rh1 Nb7 69. Rh7 Kd8 70. Rg7 Kd7 71. Rg8 Nc5 72. Rg6
Nb7 73. Rb6 Kc7 74. Rxb7+ Kxb7 75. Ke6 Bh4 76. Kd7 Kb6 77. d6 1-0

[Event "32. Copenhagen Open (Politiken Cup)"]
[Site "Elsinore"]
[Date "2010.08.08"]
[Round "10"]
[White "Stray, Gunnar"]
[Black "Jacobsen, Heidrikur Tindskar"]
[Result "0-1"]
[WhiteElo "2055"]
[BlackElo "1993"]
[PlyCount "90"]
[EventDate "2010.07.31"]
[EventType "swiss"]
[EventRounds "10"]
[EventCountry "DEN"]
[Source "ChessBase"]
[SourceDate "2010.09.01"]

1. d4 Nf6 2. Nf3 g6 3. g3 Bg7 4. Bg2 d6 5. O-O c6 6. c4 O-O 7. Nc3 Nbd7 8. Qc2
e5 9. Rd1 Qc7 10. h3 Nh5 11. b3 f5 12. dxe5 dxe5 13. Ba3 Re8 14. e4 Nb6 15. Bd6
Qf7 16. c5 Nd7 17. Re1 h6 18. Rad1 f4 19. g4 Nhf6 20. b4 a5 21. b5 Bf8 22. bxc6
bxc6 23. Na4 Ba6 24. Bf1 Bxf1 25. Kxf1 g5 26. Rd2 Qg6 27. Qc4+ Kg7 28. Bxf8+
Kxf8 29. Rd6 h5 30. Nh2 Qh7 31. Kg2 hxg4 32. hxg4 Qh4 33. Qe2 Ke7 34. Qd1 Rh8
35. Rh1 Qh3+ 36. Kg1 Rab8 37. Rd3 Qh7 38. f3 Qh3 39. Rd2 Rb4 40. Rg2 Rd4 41.
Qc2 Qh4 42. Kf1 Rb8 43. Ke2 Rxa4 44. Qxa4 Rb2+ 45. Kd3 Nxc5+ 0-1

[Event "32. Copenhagen Open (Politiken Cup)"]
[Site "Elsinore"]
[Date "2010.08.08"]
[Round "10"]
[White "Taksrud, Vidar"]
[Black "Kyrkjebo, Erlend"]
[Result "1-0"]
[WhiteElo "2097"]
[BlackElo "1922"]
[PlyCount "119"]
[EventDate "2010.07.31"]
[EventType "swiss"]
[EventRounds "10"]
[EventCountry "DEN"]
[Source "ChessBase"]
[SourceDate "2010.09.01"]

1. Nf3 Nf6 2. c4 c5 3. Nc3 Nc6 4. g3 g6 5. Bg2 Bg7 6. O-O O-O 7. d4 b6 8. d5
Na5 9. Nd2 Rb8 10. e4 d6 11. h3 Nh5 12. Qc2 e5 13. Nd1 f5 14. exf5 gxf5 15. a4
Rb7 16. Ra3 Rbf7 17. Nf3 f4 18. g4 Nf6 19. Ng5 Re7 20. Bd2 h6 21. Ne4 Nxe4 22.
Bxe4 Bf6 23. f3 Nb7 24. Be1 Rg7 25. Kh1 Bh4 26. Bxh4 Qxh4 27. Qh2 Kf7 28. Nc3
a6 29. Bd3 Rh8 30. Ne4 h5 31. Rg1 hxg4 32. fxg4 Bxg4 33. Bf1 Rgh7 34. a5 Nxa5
35. Nxd6+ Ke7 36. Ne4 Bxh3 37. d6+ Kd8 38. Bxh3 Nxc4 39. Ng5 Qxg5 40. Rxg5 Nxa3
41. bxa3 Rxh3 42. Rg8+ Kd7 43. Rxh8 Rxh2+ 44. Kxh2 c4 45. Kg2 e4 46. Rh4 Kxd6
47. Rxf4 Ke5 48. Rf8 Kd4 49. Kf2 Kd3 50. Rd8+ Kc2 51. Rd6 Kb3 52. Rxb6+ Kxa3
53. Ke2 a5 54. Kd2 a4 55. Kc3 Ka2 56. Rb2+ Ka3 57. Re2 e3 58. Rxe3 Ka2 59. Kc2
a3 60. Rc3 1-0

[Event "32. Copenhagen Open (Politiken Cup)"]
[Site "Elsinore"]
[Date "2010.08.08"]
[Round "10"]
[White "Tallaksen, Levi Andre"]
[Black "Gislason, Gudmundur"]
[Result "0-1"]
[WhiteElo "2177"]
[BlackElo "2351"]
[PlyCount "72"]
[EventDate "2010.07.31"]
[EventType "swiss"]
[EventRounds "10"]
[EventCountry "DEN"]
[Source "ChessBase"]
[SourceDate "2010.09.01"]

1. d4 g6 2. Nf3 Bg7 3. e3 d6 4. Bd3 e5 5. O-O Nc6 6. c3 Nge7 7. Qc2 O-O 8. Nbd2
Kh8 9. Rd1 Qe8 10. dxe5 dxe5 11. e4 Nd8 12. Nc4 f6 13. b3 Ne6 14. Ne3 Nf4 15.
Bf1 c5 16. a4 Be6 17. Ba3 b6 18. Bc4 Bd7 19. Rd6 Bc6 20. Ne1 f5 21. exf5 gxf5
22. Rad1 Qh5 23. b4 Be4 24. Qd2 Neg6 25. f3 Bb7 26. bxc5 bxc5 27. Rb1 Bxf3 28.
Nxf3 e4 29. Ne1 Be5 30. Rd7 Ne2+ 31. Kf1 f4 32. Ng4 f3 33. Nxe5 fxg2+ 34. Kxg2
Nh4+ 35. Kh3 Nf3+ 36. Kg2 Qxh2+ 0-1

[Event "32. Copenhagen Open (Politiken Cup)"]
[Site "Elsinore"]
[Date "2010.08.08"]
[Round "10"]
[White "Taylor, Graham Christopher"]
[Black "Heggum, Tore"]
[Result "1-0"]
[WhiteElo "2160"]
[BlackElo "1689"]
[PlyCount "81"]
[EventDate "2010.07.31"]
[EventType "swiss"]
[EventRounds "10"]
[EventCountry "DEN"]
[Source "ChessBase"]
[SourceDate "2010.09.01"]

1. c4 e5 2. Nc3 Nf6 3. Nf3 Nc6 4. g3 Bb4 5. Bg2 O-O 6. O-O Bxc3 7. bxc3 e4 8.
Ng5 Re8 9. f3 e3 10. d3 d5 11. cxd5 Nxd5 12. Ne4 f5 13. c4 fxe4 14. cxd5 exf3
15. Rxf3 Nd4 16. Rxe3 Bg4 17. Qa4 Nxe2+ 18. Kh1 Nxc1 19. Rxe8+ Qxe8 20. Qxe8+
Rxe8 21. Rxc1 Re7 22. Be4 g6 23. Kg2 Kg7 24. Rc4 b6 25. Bxg6 hxg6 26. Rxg4 Re2+
27. Kf3 Rxa2 28. Rc4 Rxh2 29. Rxc7+ Kf6 30. Rxa7 Ke5 31. Rg7 Kxd5 32. Rxg6 b5
33. Rg5+ Kd4 34. Rxb5 Kxd3 35. Rd5+ Kc4 36. Rd8 Rh1 37. Kf4 Rf1+ 38. Kg5 Rg1
39. g4 Ra1 40. Kh5 Ra6 41. g5 1-0

[Event "32. Copenhagen Open (Politiken Cup)"]
[Site "Elsinore"]
[Date "2010.08.08"]
[Round "10"]
[White "Thomsen, Peter"]
[Black "Andersen, Rune Egede"]
[Result "0-1"]
[WhiteElo "1871"]
[BlackElo "2100"]
[PlyCount "94"]
[EventDate "2010.07.31"]
[EventType "swiss"]
[EventRounds "10"]
[EventCountry "DEN"]
[Source "ChessBase"]
[SourceDate "2010.09.01"]

1. e4 e6 2. d4 d5 3. Nc3 Nf6 4. Bg5 Be7 5. e5 Nfd7 6. h4 c5 7. Bxe7 Kxe7 8. f4
cxd4 9. Qxd4 Nc6 10. Nxd5+ exd5 11. Qxd5 Qa5+ 12. Qxa5 Nxa5 13. O-O-O Nb6 14.
Bd3 Bg4 15. Rf1 Nac4 16. Nf3 Rad8 17. Be4 Nd5 18. g3 Nde3 19. Rf2 Rd7 20. b3
Na3 21. Re1 Bxf3 22. Rxf3 Ng4 23. Re2 Nb5 24. Bf5 Nd4 25. Bxd7 Nxe2+ 26. Kd2
Rd8 27. Kxe2 Rxd7 28. Rc3 h5 29. Rc8 Nh6 30. b4 Nf5 31. Kf3 g6 32. a4 a6 33. a5
Nd4+ 34. Ke4 Nb5 35. c3 Rc7 36. Rxc7+ Nxc7 37. c4 Ke6 38. Kd4 Kd7 39. Ke4 Ne6
40. Kd5 Ng7 41. Ke4 Nf5 42. Kf3 Nd4+ 43. Ke4 Nc6 44. f5 Nxb4 45. g4 hxg4 46.
fxg6 fxg6 47. Kf4 Nd3+ 0-1

[Event "32. Copenhagen Open (Politiken Cup)"]
[Site "Elsinore"]
[Date "2010.08.08"]
[Round "10"]
[White "Torner Planell, Jordi"]
[Black "Frisvold, Ole Emil"]
[Result "1-0"]
[WhiteElo "1978"]
[BlackElo "1871"]
[PlyCount "89"]
[EventDate "2010.07.31"]
[EventType "swiss"]
[EventRounds "10"]
[EventCountry "DEN"]
[Source "ChessBase"]
[SourceDate "2010.09.01"]

1. d4 d5 2. c4 c6 3. cxd5 cxd5 4. Nc3 Nc6 5. Nf3 Nf6 6. Bf4 Bf5 7. e3 e6 8. Be2
Bd6 9. Ne5 O-O 10. O-O a6 11. Nxc6 bxc6 12. Bxd6 Qxd6 13. Na4 Nd7 14. Rc1 Rfb8
15. b3 a5 16. Qd2 Nb6 17. Rc5 Nxa4 18. bxa4 Qc7 19. Rfc1 Rb1 20. Bb5 Rb8 21.
Rxb1 Bxb1 22. Rxc6 Qb7 23. Rc1 Be4 24. Qxa5 Rc8 25. Qd2 h6 26. Rc3 e5 27. Qc1
Rxc3 28. Qxc3 exd4 29. exd4 Qb6 30. h3 Qg6 31. Bf1 Qh5 32. Qc8+ Kh7 33. Qg4 Qf5
34. a5 h5 35. Qg3 g6 36. a6 Qc8 37. a7 Bxg2 38. Kxg2 Qe8 39. Qe5 Qd8 40. Kh2 f5
41. Qb8 Qh4 42. a8=Q Qxf2+ 43. Bg2 Kh6 44. Qe5 f4 45. Qah8# 1-0

[Event "32. Copenhagen Open (Politiken Cup)"]
[Site "Elsinore"]
[Date "2010.08.08"]
[Round "10"]
[White "Unzicker, Ferdinand"]
[Black "Cmilyte, Viktorija"]
[Result "0-1"]
[WhiteElo "2324"]
[BlackElo "2527"]
[PlyCount "58"]
[EventDate "2010.07.31"]
[EventType "swiss"]
[EventRounds "10"]
[EventCountry "DEN"]
[Source "ChessBase"]
[SourceDate "2010.09.01"]

1. c4 g6 2. Nc3 f5 3. g3 Nf6 4. Bg2 Bg7 5. d3 d6 6. e4 e5 7. Nge2 O-O 8. O-O c6
9. exf5 Bxf5 10. d4 Nbd7 11. b3 Qa5 12. d5 c5 13. h3 e4 14. Bf4 Nh5 15. Bd2 e3
16. fxe3 Nxg3 17. e4 Nxf1 18. Bxf1 Ne5 19. exf5 Nf3+ 20. Kh1 Rxf5 21. Rc1 Re8
22. Ng3 Rff8 23. Bg2 Nxd2 24. Qxd2 Be5 25. Qd3 Bf4 26. Nge2 Bxc1 27. Nxc1 Re1+
28. Kh2 Rxc1 29. Ne4 Qe1 0-1

[Event "32. Copenhagen Open (Politiken Cup)"]
[Site "Elsinore"]
[Date "2010.08.08"]
[Round "10"]
[White "Vesterli, Michael E"]
[Black "Nielsen, Klaus"]
[Result "0-1"]
[WhiteElo "1862"]
[BlackElo "2095"]
[PlyCount "24"]
[EventDate "2010.07.31"]
[EventType "swiss"]
[EventRounds "10"]
[EventCountry "DEN"]
[Source "ChessBase"]
[SourceDate "2010.09.01"]

1. d4 d5 2. c4 e6 3. Nc3 c5 4. cxd5 cxd4 5. Qxd4 Nc6 6. Qd1 exd5 7. Nxd5 Be6 8.
e4 Nf6 9. Bg5 Bxd5 10. Bxf6 Qxf6 11. exd5 Bb4+ 12. Ke2 O-O-O 0-1

[Event "32. Copenhagen Open (Politiken Cup)"]
[Site "Elsinore"]
[Date "2010.08.08"]
[Round "10"]
[White "Willumsen, Henrik"]
[Black "Spiess, Thomas"]
[Result "1-0"]
[WhiteElo "2165"]
[BlackElo "1979"]
[PlyCount "70"]
[EventDate "2010.07.31"]
[EventType "swiss"]
[EventRounds "10"]
[EventCountry "DEN"]
[Source "ChessBase"]
[SourceDate "2010.09.01"]

1. e4 c5 2. Nf3 Nc6 3. Bb5 e6 4. O-O Nge7 5. Re1 a6 6. Bf1 d5 7. exd5 Qxd5 8.
Nc3 Qd8 9. d3 Nf5 10. g3 Be7 11. Bg2 O-O 12. Ne4 Bd7 13. c3 b6 14. Bf4 Ra7 15.
Qe2 Be8 16. Rad1 h6 17. h4 Nd6 18. Nh2 e5 19. Nxd6 Bxd6 20. Bc1 f5 21. Nf1 Qf6
22. Ne3 Ne7 23. Nc4 Bc7 24. Nxe5 Bb5 25. Nc4 Bd8 26. Qe6+ Kh7 27. Bf4 Ng6 28.
Bd6 Bxc4 29. dxc4 Qxe6 30. Rxe6 Rff7 31. h5 Nh8 32. Bc6 f4 33. Bxf4 Bg5 34.
Be4+ Kg8 35. Bxg5 hxg5 1-0